Taking rights seriously / (Record no. 27219)

MARC details
000 -LEADER
fixed length control field 01000cam a22003375a 4500
001 - CONTROL NUMBER
control field 016234169
003 - CONTROL NUMBER IDENTIFIER
control field EG-ScBUE
005 - DATE AND TIME OF LATEST TRANSACTION
control field 20190307130836.0
008 - FIXED-LENGTH DATA ELEMENTS--GENERAL INFORMATION
fixed length control field 121210r20182013enk frb 001 0 eng d
015 ## - NATIONAL BIBLIOGRAPHY NUMBER
National bibliography number GBB2C8219
Source bnb
016 7# - NATIONAL BIBLIOGRAPHIC AGENCY CONTROL NUMBER
Record control number 016234169
Source Uk
020 ## - INTERNATIONAL STANDARD BOOK NUMBER
International Standard Book Number 9781780937564 (pbk.)
040 ## - CATALOGING SOURCE
Original cataloging agency StDuBDS
Language of cataloging eng
Transcribing agency StDuBDS
Modifying agency Uk
-- EG-ScBUE
082 04 - DEWEY DECIMAL CLASSIFICATION NUMBER
Classification number 340.1
Item number DWO
Edition number 22
100 1# - MAIN ENTRY--PERSONAL NAME
Personal name Dworkin, Ronald.
245 10 - TITLE STATEMENT
Title Taking rights seriously /
Statement of responsibility, etc Ronald Dworkin.
250 ## - EDITION STATEMENT
Edition statement New ed., Reprinted ed.
260 ## - PUBLICATION, DISTRIBUTION, ETC. (IMPRINT)
Place of publication, distribution, etc London ;
-- New York :
Name of publisher, distributor, etc Bloomsbury Academic,
Date of publication, distribution, etc 2018.
300 ## - PHYSICAL DESCRIPTION
Extent 444 p. ;
Dimensions 22 cm.
490 0# - Series Statement
Series statement Bloomsbury revelations
500 ## - GENERAL NOTE
General note Reprint of the 2013 ed.<br/>
504 ## - BIBLIOGRAPHY, ETC. NOTE
Bibliography, etc Includes bibliographical references and index.
650 #7 - SUBJECT ADDED ENTRY--TOPICAL TERM
Topical term or geographic name as entry element Law
General subdivision Philosophy.
Source of heading or term BUEsh
650 #7 - SUBJECT ADDED ENTRY--TOPICAL TERM
Topical term or geographic name as entry element Jurisprudence.
Source of heading or term BUEsh
650 #7 - SUBJECT ADDED ENTRY--TOPICAL TERM
Topical term or geographic name as entry element Political rights.
Source of heading or term BUEsh
650 #7 - SUBJECT ADDED ENTRY--TOPICAL TERM
Topical term or geographic name as entry element Legal positivism.
Source of heading or term BUEsh
651 ## - SUBJECT ADDED ENTRY--GEOGRAPHIC NAME
Source of heading or term BUEsh
653 ## - INDEX TERM--UNCONTROLLED
Resource For college Law
Arrived date list March2019
655 ## - INDEX TERM--GENRE/FORM
Form subdivision Reading book
942 ## - ADDED ENTRY ELEMENTS (KOHA)
Source of classification or shelving scheme Dewey Decimal Classification
Holdings
Withdrawn status Item status Source of classification or shelving scheme Damaged status Not for loan Vendor Home library Current library Shelving location Date acquired Source of acquisition Cost, normal purchase price Total Checkouts Full call number Barcode Date last seen Cost, replacement price Koha item type Total Renewals Date last borrowed
    Dewey Decimal Classification     Baccah Central Library Central Library First floor 07/03/2019 Purchase 620.00   340.1 DWO 000044347 15/07/2025 775.00 NB - Book (Non borrowing)    
    Dewey Decimal Classification     Baccah Central Library Central Library First floor 07/03/2019 Purchase 620.00 1 340.1 DWO 000044348 15/07/2025 775.00 Book - Borrowing 1 10/03/2019
    Dewey Decimal Classification     Baccah Central Library Central Library First floor 07/03/2019 Purchase 620.00 3 340.1 DWO 000044349 15/07/2025 775.00 Book - Borrowing 4 16/04/2019